000 00368cam a22001097a 4500
008 180718b1952 xxu||||| |||| 00| 0 eng d
082 _aD78 In78
245 _aThe International Labour Organisation and technical assistance
_cby International Labour Office
260 _aGeneva
_bInternational Labour Office
_c1952
300 _a28p.
700 _aInternational Labour Office
999 _c490329
_d490329